Statistiques concernant Paroles Stockholm Syndrome - One Direction

Cliquez ici pour prendre le quiz!

Statistiques générales

  • Ce quiz a été pris 42 fois
    (41 depuis la dernière actualisation)
  • Le résultat moyen est 281 sur 314

Statistiques - réponses

Réponse% Correct
for
100%
me)
100%
me
100%
that
100%
Baby
96%
baby
96%
be
96%
by
96%
days
96%
done
96%
get
96%
I
96%
know
96%
never
96%
no
96%
Oh,
96%
Oh
96%
shadow
96%
the
96%
this
96%
to
96%
what
96%
Who's
96%
you
96%
you've
96%
away?
92%
But
92%
but
92%
find
92%
go
92%
I'll
92%
look
92%
(Look
92%
now
92%
telling
92%
used
92%
Used
92%
way
92%
been
88%
being
88%
coming
88%
gonna
88%
held
88%
here
88%
holding
88%
hostage?
88%
I've
88%
keep
88%
whisper
88%
your
88%
getting
85%
if
85%
I'm
85%
in
85%
my
85%
soon
85%
And
81%
hand
81%
is
81%
leave
81%
Stockholm
81%
syndrome
81%
they'll
81%
Yeah
81%
fell
77%
room
77%
talking
77%
All
73%
eyes?
73%
life
73%
mind
73%
on
73%
about
69%
changed
69%
man
69%
place
69%
wanna
69%
ever
65%
free
65%
got
65%
he's
65%
his
65%
own
65%
there's
65%
sing
62%
that's
62%
down
58%
home
58%
other
58%
alone
54%
fear
54%
I'd
50%
tied
46%
we're
46%
guide
42%
light
42%
together
42%
Oh oh oh oh
38%

Distribution des résultats

Percentile par nombre de réponses

% des personnes avec chaque résultat

Votre développement - résultats

Vous n’avez pas pris ce quiz depuis la dernière actualisation